Vista normal
Vista MARC
Entrada Nombre corporativo
Número de registros utilizados en: 1
001 - NÚMERO DE CONTROL
- Campo de control: 35033
003 - IDENTIFICADOR DE NÚMERO DE CONTROL
- Campo de control: ES-MaCES
005 - FECHA Y HORA DE LA ULTIMA MODIFICACION
- Campo de control: 20140701140926.0
008 - ELEMENTOS DE DATOS DE LONGITUD FIJA
- Campo de longitud fija: 140701|| azz||aabn | a|a d
040 ## - FUENTE DE LA CATALOGACIÓN
- Agencia original de catalogación: ES-MaCES
110 1# - ENCABEZAMIENTO--NOMBRE CORPORATIVO
- Nombre corporativo o de jurisdicción como elemento de entrada: España
- Título de una obra: Ley de cajas de ahorros y fundaciones bancarias
- Lugar de reunión o firma del tratado: 2013
670 ## - FUENTE DE DATOS ENCONTRADOS
- Fuente de citación: BOE nº 311, de 28 dic. 2013 y nº 58 de 8 marzo 2014
- Información encontrada: Ley 26Ç/2013, de 27 de diciembre

